National Education Policy 2020 and its challenges/ (Record no. 11825)

MARC details
000 -LEADER
fixed length control field 00673nam a22002177a 4500
005 - DATE AND TIME OF LATEST TRANSACTION
control field 20240518084450.0
008 - FIXED-LENGTH DATA ELEMENTS--GENERAL INFORMATION
fixed length control field 240518b |||||||| |||| 00| 0 eng d
020 ## - INTERNATIONAL STANDARD BOOK NUMBER
International Standard Book Number 9789393864192
040 ## - CATALOGING SOURCE
Original cataloging agency IN-DiNC
Transcribing agency IN-DiNC
041 ## - LANGUAGE CODE
Language code of sung or spoken text English
082 ## - DEWEY DECIMAL CLASSIFICATION NUMBER
Classification number 379.54
Item number NAT
245 ## - TITLE STATEMENT
Title National Education Policy 2020 and its challenges/
Statement of responsibility, etc. ed. by Apratim Nag, Banajit Sharma and Buddhadev Basumatary
260 ## - PUBLICATION, DISTRIBUTION, ETC.
Place of publication, distribution, etc. Guwahati:
Name of publisher, distributor, etc. Assam College Teachers Association,
Date of publication, distribution, etc. 2022.
300 ## - PHYSICAL DESCRIPTION
Extent 244p.
650 ## - SUBJECT ADDED ENTRY--TOPICAL TERM
Topical term or geographic name entry element Education policy
650 ## - SUBJECT ADDED ENTRY--TOPICAL TERM
Topical term or geographic name entry element NEP 2020
700 ## - ADDED ENTRY--PERSONAL NAME
Personal name Nag, Apratim
Relator term Editor
700 ## - ADDED ENTRY--PERSONAL NAME
Personal name Sharma, Banajit
Relator term Editor
700 ## - ADDED ENTRY--PERSONAL NAME
Personal name Basumatary, Buddhadev
Relator term Editor
942 ## - ADDED ENTRY ELEMENTS (KOHA)
Source of classification or shelving scheme Dewey Decimal Classification
Koha item type Books
Holdings
Withdrawn status Lost status Source of classification or shelving scheme Damaged status Not for loan Collection code Home library Current library Shelving location Date acquired Cost, normal purchase price Total Checkouts Full call number Barcode Date last seen Copy number Price effective from Koha item type
    Dewey Decimal Classification     Education Central Library, Naharkatiya College Central Library, Naharkatiya College General Stacks 18/05/2024 450.00   379.54 NAT 30016 18/05/2024 1 18/05/2024 Books

Naharkatiya College © 2020. All rights reserved.

Powered By